000 00875nam a22002297a 4500
005 20240514110637.0
008 240514b ||||| |||| 00| 0 eng d
020 _a9780415826266 (hbk)
020 _a9780367580414 (pbk)
040 _aCO-BoUCM
_cDavid Moreno
_dDavid Moreno
041 _aeng
245 0 0 _a Routledge handbook of crime science
_cedited by Richard Wortley
260 _aLondon
_aNew York
_bRoutledge, Taylor & Francis GRoup
_c2019
300 _axx, 474 Paginas
504 _aIncluye referencias bibliográficas e índices
650 1 4 _aCiencias forenses
_xInvestigacion criminal
_9180694
650 1 4 _aPsicología criminal
_xCiencia
_9180695
650 1 4 _aAntropologia forense
_xCriminología
_9180696
700 1 _aWortley, Richard
_eeditor
_qRichard K.
_9180697
942 _2DEWEY
_a8
_cLIBRO
_e1
_h364
_mW935r
_n0
999 _c324183
_d324183